[Event "FRA-chT U20 0203"]
[Site "Clichy"]
[Date "2003.05.02"]
[Round "8.8"]
[White "Schaeffer, Francois"]
[Black "Ledouble, Ugo"]
[Result "0-1"]
[WhiteElo "1410"]
[BlackElo "1250"]
[PlyCount "44"]
[EventDate "2002.12.??"]
[EventType "team-tourn"]
[EventRounds "11"]
[EventCountry "FRA"]
[SourceTitle "EXT 2004"]
[Source "ChessBase"]
[SourceDate "2003.11.25"]
[SourceVersion "1"]
[SourceVersionDate "2003.11.25"]
[SourceQuality "1"]
[WhiteTeam "Bischwiller"]
[BlackTeam "Cannes"]
[WhiteTeamCountry "FRA"]
[BlackTeamCountry "FRA"]

1. e4 e5 2. Nf3 Nc6 3. Bc4 Bc5 4. Nc3 Nf6 5. d3 d6 6. Bg5 Bg4 7. h3 Bh5 8. a3 Nd4 9. Nd5 Nxf3+ 10. gxf3 Bd4 11. c3 Bc5 12. b4 Bb6 13. a4 a6 14. Nxb6 cxb6 15. a5 0-0 16. Bd5 Qc7 17. Rg1 Nxd5 18. exd5 Qxc3+ 19. Kf1 Bxf3 20. Qb1 e4 21. dxe4 Qc4+ 22. Ke1 Qe2# 0-1

[Event "FRA-chT U20 0203"]
[Site "Clichy"]
[Date "2003.01.04"]
[Round "6.7"]
[White "Schaeffer, Francois"]
[Black "L'Huillier, Robin"]
[Result "1-0"]
[WhiteElo "1340"]
[BlackElo "1330"]
[PlyCount "132"]
[EventDate "2002.12.??"]
[EventType "team-tourn"]
[EventRounds "11"]
[EventCountry "FRA"]
[SourceTitle "EXT 2004"]
[Source "ChessBase"]
[SourceDate "2003.11.25"]
[SourceVersion "1"]
[SourceVersionDate "2003.11.25"]
[SourceQuality "1"]
[WhiteTeam "Bischwiller"]
[BlackTeam "Creteil"]
[WhiteTeamCountry "FRA"]
[BlackTeamCountry "FRA"]

1. e4 e5 2. Nf3 Nc6 3. Bc4 Nf6 4. Nc3 Bb4 5. d3 0-0 6. Bg5 d6 7. a3 Ba5 8. b4 Bb6 9. Nd5 Bd4 10. Nxd4 Nxd4 11. Nxf6+ gxf6 12. Bh6 Re8 13. c3 Nc6 14. Qf3 Kh8 15. Bxf7 Re7 16. Bd5 Be6 17. Qxf6+ Kg8 18. Qg5+ Kf7 19. Bxe6+ Rxe6 20. Qg7+ Ke8 21. Qg8+ Kd7 22. Qf7+ Qe7 23. Qf3 Rxh6 24. 0-0 Qg5 25. Qe3 Rg8 26. g3 Qh5 27. h4 Qxh4 28. Kg2 Qh3+ 29. Kf3 Qg4+ 30. Kg2 Qh5 31. Rh1 Rg5 32. Rxh5 Rgxh5 33. d4 Rh2+ 34. Kf3 Rf6+ 35. Kg4 Rg6+ 36. Kf3 Rf6+ 37. Ke2 Ne7 38. Rf1 c6 39. dxe5 Re6 40. exd6 Nd5 41. Qd4 Kxd6 42. c4 a6 43. cxd5 cxd5 44. Qxd5+ Ke7 45. Qxb7+ Kf6 46. Qd5 Rh6 47. Qf5+ Kg7 48. g4 Rhf6 49. Qg5+ Rg6 50. Qd8 Rxe4+ 51. Kd2 Ree6 52. Qd7+ Kh6 53. Rh1+ Kg5 54. Qd5+ Kf6 55. Qf5+ Kg7 56. b5 axb5 57. Qxb5 Rgf6 58. Qb7+ Rf7 59. Rxh7+ Kxh7 60. Qxf7+ Kh8 61. Qxe6 Kg7 62. a4 Kh7 63. a5 Kg7 64. a6 Kh7 65. a7 Kg7 66. a8R Kh7 1-0

[Event "FRA-chT U20 0203"]
[Site "Clichy"]
[Date "2002.12.01"]
[Round "2.8"]
[White "Pierre, Alexis"]
[Black "Schaeffer, Francois"]
[Result "0-1"]
[WhiteElo "1190"]
[BlackElo "1340"]
[PlyCount "84"]
[EventDate "2002.12.??"]
[EventType "team-tourn"]
[EventRounds "11"]
[EventCountry "FRA"]
[SourceTitle "EXT 2004"]
[Source "ChessBase"]
[SourceDate "2003.11.25"]
[SourceVersion "1"]
[SourceVersionDate "2003.11.25"]
[SourceQuality "1"]
[WhiteTeam "Mulhouse"]
[BlackTeam "Bischwiller"]
[WhiteTeamCountry "FRA"]
[BlackTeamCountry "FRA"]

1. d4 d5 2. c4 dxc4 3. e4 Nf6 4. Nc3 Nc6 5. Nf3 e6 6. Bxc4 Bb4 7. 0-0 Bxc3 8. bxc3 Nxe4 9. Qc2 Nf6 10. Bg5 b6 11. Rfe1 Qd6 12. Bb5 Bb7 13. Rad1 Nd5 14. Qb3 Nde7 15. c4 h6 16. Bxc6+ Bxc6 17. Bxe7 Qxe7 18. d5 Bb7 19. dxe6 fxe6 20. c5 0-0 21. Rxe6 Qf7 22. Re3 Bxf3 23. Rxf3 Qxb3 24. Rxf8+ Kxf8 25. axb3 bxc5 26. h3 Rb8 27. Rd7 Rxb3 28. Rxc7 a5 29. Rxc5 a4 30. Rc1 Ra3 31. g4 Ra2 32. Kg2 a3 33. Kg3 Rb2 34. Ra1 Rb3+ 35. Kf4 Rxh3 36. Ke5 Rf3 37. Rb1 a2 38. Rb8+ Kf7 39. Rb7+ Kg6 40. Rb6+ Rf6 41. Rxf6+ gxf6+ 42. Kf4 a1Q 0-1

[Event "FRA-chT U20 0203"]
[Site "Clichy"]
[Date "2002.12.01"]
[Round "2.9"]
[White "Schaeffer, Francois"]
[Black "Dungler, Florent"]
[Result "1-0"]
[WhiteElo "1340"]
[BlackElo "1420"]
[PlyCount "126"]
[EventDate "2002.12.??"]
[EventType "team-tourn"]
[EventRounds "11"]
[EventCountry "FRA"]
[SourceTitle "EXT 2004"]
[Source "ChessBase"]
[SourceDate "2003.11.25"]
[SourceVersion "1"]
[SourceVersionDate "2003.11.25"]
[SourceQuality "1"]
[WhiteTeam "Bischwiller"]
[BlackTeam "Mulhouse"]
[WhiteTeamCountry "FRA"]
[BlackTeamCountry "FRA"]

1. e4 e5 2. Nf3 Nc6 3. Bc4 Bc5 4. c3 Nf6 5. d4 exd4 6. cxd4 Bb4+ 7. Bd2 d5 8. Bxd5 Nxd5 9. exd5 Qxd5 10. Bxb4 Nxb4 11. Nc3 Qf5 12. 0-0 0-0 13. h3 Qg6 14. Ne5 Qh6 15. Ng4 Bxg4 16. Qxg4 Nc6 17. Qg3 Rac8 18. Nb5 a6 19. Nxc7 Nxd4 20. Qh2 Rfd8 21. Qe5 Nc6 22. Qh2 Rd6 23. Rfe1 Qd2 24. g4 Qh6 25. Re8+ Rxe8 26. Nxe8 Rd8 27. Nc7 Nd4 28. Kh1 Rc8 29. Nd5 Qc6 30. Qg2 Kf8 31. Nb4 Qxg2+ 32. Kxg2 Ke7 33. Nd5+ Kd6 34. Nb6 Rc6 35. Na4 b5 36. Rd1 Kd5 37. Nc3+ Kc4 38. Rc1 Kd3 39. Rd1+ Kc4 40. Rc1 b4 41. Ne2+ Kd5 42. Nf4+ Kd6 43. Rd1 Ke5 44. Nd3+ Ke4 45. Nxb4 Rb6 46. Re1+ Kf4 47. Nd5+ Kg5 48. Nxb6 Nc2 49. Re7 Kg6 50. Rc7 Nb4 51. a3 Nd3 52. Rc6+ f6 53. b4 Nf4+ 54. Kg3 Kg5 55. Rc5+ f5 56. Rxf5+ Kh6 57. Kxf4 g6 58. Ra5 g5+ 59. Rxg5 a5 60. Rb5 axb4 61. axb4 Kg6 62. Na4 h6 63. Rb6+ Kg7 1-0

[Event "FRA-ch U08"]
[Site "Hyeres"]
[Date "2002.??.??"]
[Round "8.5"]
[White "Schaeffer, Francois"]
[Black "Feryn, Benjamin"]
[Result "0-1"]
[WhiteElo "1270"]
[BlackElo "1009"]
[PlyCount "46"]
[EventDate "2002.04.05"]
[EventType "swiss"]
[EventRounds "9"]
[EventCountry "FRA"]
[SourceTitle "EXT 2003"]
[Source "ChessBase"]
[SourceDate "2002.11.25"]
[SourceVersion "1"]
[SourceVersionDate "2002.11.25"]
[SourceQuality "1"]

1. e4 e5 2. Nf3 Nc6 3. Bc4 Bc5 4. c3 Nf6 5. d4 exd4 6. cxd4 Bb4+ 7. Bd2 Nxe4 8. d5 Bxd2+ 9. Nbxd2 Nxd2 10. Qxd2 Ne7 11. 0-0 0-0 12. Qc2 Ng6 13. Rad1 d6 14. Rde1 Bg4 15. Qd3 Nh4 16. Bb3 Qf6 17. Bc2 g6 18. Kh1 Nxf3 19. gxf3 Bxf3+ 20. Qxf3 Qxf3+ 21. Kg1 Rfe8 22. Bd3 Re5 23. Bc4 Rg5# 0-1

[Event "FRA-ch U08"]
[Site "Hyeres"]
[Date "2002.??.??"]
[Round "4.1"]
[White "Schaeffer, Francois"]
[Black "Netzer, Jacques"]
[Result "1/2-1/2"]
[WhiteElo "1270"]
[BlackElo "1570"]
[PlyCount "76"]
[EventDate "2002.04.05"]
[EventType "swiss"]
[EventRounds "9"]
[EventCountry "FRA"]
[SourceTitle "EXT 2003"]
[Source "ChessBase"]
[SourceDate "2002.11.25"]
[SourceVersion "1"]
[SourceVersionDate "2002.11.25"]
[SourceQuality "1"]

1. e4 c5 2. Nf3 Nc6 3. Nc3 g6 4. d4 cxd4 5. Nxd4 Bg7 6. Nb3 Nf6 7. Bc4 0-0 8. 0-0 d6 9. Be3 Bd7 10. Re1 Ne5 11. Be2 Qc7 12. Bb5 a6 13. Bxd7 Qxd7 14. Nd5 Nxd5 15. Qxd5 Ng4 16. Na5 Nxe3 17. Rxe3 b6 18. Nc4 Qa7 19. Rb1 b5 20. Nd2 Rac8 21. c3 Qc5 22. Qxc5 Rxc5 23. Nb3 Rc7 24. Ree1 Rfc8 25. a3 h5 26. h3 g5 27. f3 Kh7 28. Kf2 h4 29. g3 Be5 30. gxh4 gxh4 31. Rg1 Bg3+ 32. Ke2 f6 33. Nd4 Rg8 34. Ke3 e5 35. Nf5 Bf4+ 36. Kf2 Rd8 37. Nxh4 d5 38. Rbd1 d4 1/2-1/2